Statistics for 5-Letter Movie Chain #2

Click here to take the quiz!

General Stats

  • This quiz has been taken 17,047 times
  • The average score is 17 of 24

Answer Stats

Hint Answer % Correct
"Twelve _____ a Slave"Years
97%
Hollywood is to United States
as Bollywood is to ...
India
95%
Profession of Mary PoppinsNanny
94%
The Little Mermaid's first nameAriel
91%
What Muggles can't useMagic
81%
Commando portrayed by StalloneRambo
80%
R2-D2 or C-3PO, for exampleDroid
79%
Movie about a bus that must drive 55Speed
79%
Movie which made Sigourney Weaver famousAlien
78%
Casino thief who had 10 accomplicesOcean
75%
First name of "Citizen Kane"
director Welles
Orson
71%
USS Enterprise science officerSpock
70%
Common weapon for supervillainsLaser
70%
"Requiem for a _____"Dream
70%
X-men mutant who can control the weatherStorm
69%
Don't cry for her, ArgentinaEvita
68%
Bad guys from the Indiana Jones moviesNazis
67%
Crocodile Dundee: "That's not a _____"Knife
66%
"Revenge of the _____"Nerds
64%
City where "Scarface" was setMiami
64%
Movie starring Will Smith as
a dating consultant
Hitch
61%
Shirley Temple film about a Swiss orphanHeidi
47%
Montoya from "The Princess Bride"Inigo
45%
Best Picture winner starring Sandra Bullock,
released in 2004
Crash
39%

Score Distribution

Percentile by Number Answered

Percent of People with Each Score

Your Score History

You have not taken this quiz